000 00614nam a2200229 a 4500
003 AR-BaBNM
005 20251128205847.0
008 082120s2002 ||||||||||||||000 | spa||
040 _cAR-BaBNM
100 1 _aEtchenique, H. Miguel
245 0 0 _aEntrevistas, cartas, mensagens e discursos
_b1994-1997
260 _aSan Pablo
_bBrasmotor
_c1997
300 _a74 p.
_bláms.
650 4 _aINDUSTRIALIZACION
650 4 _aDESARROLLO INDUSTRIAL
650 4 _aDESARROLLO ECONOMICO Y SOCIAL
650 4 _aMONETARISMO
650 4 _aCRECIMIENTO ECONOMICO
651 4 _aBrasil
942 _cBK
998 _cMariana
999 _c13054
_d13054